[Event "Deutsche Ländermeisterschaft 2015"]
[Site "Hannover GER"]
[Date "2015.10.05"]
[Round "5"]
[White "Roseneck, Jonas"]
[Black "Rieß, Alexander"]
[Result "0-1"]
[Termination "normal"]
[Board "3.4"]
[WhiteElo "2074"]
[BlackElo "2252"]
[WhiteClock "00:18:19"]
[BlackClock "00:28:45"]
[WhiteTeam "Sachsen-Anhalt"]
[BlackTeam "Schleswig-Holstein"]
[PlyCount "88"]
[WhiteFideId "12939870"]
[BlackFideId "12953326"]
[EventCountry "GER"]
[EventRounds "7"]
[EventType "team-swiss"]
[EventDate "2015.10.02"]

1. e4 e6 2. d4 d5 3. Nc3 Bb4 4. e5 c5 5. a3 Bxc3+ 6. bxc3 Ne7 7. Qg4 O-O 8. Bd3
f5 9. exf6 Rxf6 10. Bg5 Rf7 11. Qg3 Nbc6 12. Nf3 Qa5 13. Bd2 c4 14. Be2 Nf5 15.
Qh3 g6 16. g4 Nd6 17. Ng5 Rg7 18. Qg3 Ne8 19. h4 Nf6 20. Bf3 Bd7 21. Nh3 e5 22.
g5 Ne4 23. Bxe4 dxe4 24. Qe3 Rf7 25. Ng1 Re8 26. Rh2 Qd5 27. Rb1 exd4 28. cxd4
b6 29. c3 Qd6 30. Rg2 Qxa3 31. Rg3 Qa2 32. Rc1 Ne7 33. Qe2 Nf5 34. Rg4 e3 35.
fxe3 Nxe3 36. Bxe3 Qxe2+ 37. Kxe2 Bxg4+ 38. Kd2 Rfe7 39. Re1 a5 40. Bf2 Rxe1
41. Bxe1 a4 42. Bf2 a3 43. Kc2 Bf5+ 44. Kc1 Ra8 0-1

[Event "Deutsche Ländermeisterschaft 2015"]
[Site "Hannover GER"]
[Date "2015.10.05"]
[Round "5"]
[White "Kopylov, Daniel"]
[Black "Biastoch, Bennet"]
[Result "1/2-1/2"]
[Termination "normal"]
[Board "3.5"]
[WhiteElo "1931"]
[BlackElo "2006"]
[WhiteClock "00:08:19"]
[BlackClock "00:00:40"]
[WhiteTeam "Schleswig-Holstein"]
[BlackTeam "Sachsen-Anhalt"]
[PlyCount "85"]
[WhiteFideId "12921971"]
[BlackFideId "12939889"]
[EventCountry "GER"]
[EventRounds "7"]
[EventType "team-swiss"]
[EventDate "2015.10.02"]

1. e4 c5 2. Nf3 Nc6 3. d4 cxd4 4. Nxd4 e5 5. Nb5 d6 6. N1c3 a6 7. Na3 b5 8. Nd5
Nge7 9. Bg5 h6 10. Bxe7 Bxe7 11. c3 O-O 12. Nc2 f5 13. exf5 Bxf5 14. Nce3 Be6
15. Be2 Bg5 16. O-O Rb8 17. Bg4 Bf7 18. Bh5 b4 19. Bxf7+ Rxf7 20. Qa4 Qc8 21.
cxb4 Nd4 22. Qd1 Qb7 23. a3 Rbf8 24. Qg4 Nc2 25. Nxc2 Qxd5 26. Ne3 Qb3 27. Qe2
Bxe3 28. fxe3 Rxf1+ 29. Rxf1 Rxf1+ 30. Kxf1 Qf7+ 31. Kg1 Qb7 32. Qc4+ Kh8 33.
a4 d5 34. Qc5 Qd7 35. b5 axb5 36. a5 d4 37. exd4 exd4 38. Qb4 d3 39. Qd2 b4 40.
Kf2 Qf5+ 41. Ke3 Qxa5 42. Kxd3 Qb5+ 43. Ke4 1/2-1/2

[Event "Deutsche Ländermeisterschaft 2015"]
[Site "Hannover GER"]
[Date "2015.10.05"]
[Round "5"]
[White "Caliebe, Nanke"]
[Black "Cejda, Cecilia"]
[Result "1/2-1/2"]
[Termination "normal"]
[Board "3.7"]
[WhiteElo "1527"]
[BlackElo "1651"]
[WhiteClock "00:31:11"]
[BlackClock "00:07:28"]
[WhiteTeam "Schleswig-Holstein"]
[BlackTeam "Sachsen-Anhalt"]
[PlyCount "128"]
[WhiteFideId "12980528"]
[BlackFideId "12921122"]
[EventCountry "GER"]
[EventRounds "7"]
[EventType "team-swiss"]
[EventDate "2015.10.02"]

1. d4 Nf6 2. Nf3 g6 3. Bf4 Bg7 4. h3 d5 5. e3 O-O 6. Bd3 c5 7. c3 Nc6 8. O-O
cxd4 9. exd4 a6 10. Nbd2 b5 11. Nb3 Nd7 12. Re1 Qb6 13. Qe2 Re8 14. Bd6 Bb7 15.
Bh2 e5 16. dxe5 Ndxe5 17. Nxe5 Nxe5 18. Bc2 Qd8 19. Nc5 Bc6 20. Bxe5 Bxe5 21.
Qd2 Qd6 22. Nb3 Bf4 23. Qd4 Be5 24. Qd2 Re7 25. Rad1 Rae8 26. Kf1 Bf4 27. Qd4
Rxe1+ 28. Rxe1 Rxe1+ 29. Kxe1 Be5 30. Qb6 Bd7 31. Qxd6 Bxd6 32. Ke2 Kg7 33. Ke3
Be5 34. Nc5 Bc8 35. Bb3 b4 36. Nd3 bxc3 37. Nxe5 cxb2 38. Bc2 Bf5 39. Kd2 b1=Q
40. Bxb1 Bxb1 41. a3 Be4 42. f3 Bf5 43. Ke3 Kf6 44. Kd4 Be6 45. Nc6 Kf5 46. g3
Kf6 47. h4 Bh3 48. Kxd5 Bg2 49. Ke4 h6 50. Nb4 Bf1 51. Kd4 g5 52. hxg5+ hxg5
53. Kc5 Be2 54. Kd4 Bxf3 55. Nxa6 Kf5 56. Ke3 Kg4 57. Kf2 f5 58. a4 f4 59. gxf4
Kxf4 60. Nc5 Bc6 61. a5 Bb5 62. Ne6+ Ke5 63. Nxg5 Kd6 64. Ke3 Ba6 1/2-1/2

[Event "Deutsche Ländermeisterschaft 2015"]
[Site "Hannover GER"]
[Date "2015.10.05"]
[Round "5"]
[White "Stowicek, Yara Mathilda"]
[Black "Glinzner, Alva"]
[Result "0-1"]
[Termination "normal"]
[Board "3.8"]
[WhiteElo "1485"]
[BlackElo "1440"]
[WhiteClock "00:32:14"]
[BlackClock "00:57:34"]
[WhiteTeam "Sachsen-Anhalt"]
[BlackTeam "Schleswig-Holstein"]
[PlyCount "98"]
[WhiteFideId "16203569"]
[BlackFideId "16206169"]
[EventCountry "GER"]
[EventRounds "7"]
[EventType "team-swiss"]
[EventDate "2015.10.02"]

1. e4 c6 2. d4 d5 3. exd5 cxd5 4. c4 Nf6 5. Nc3 Bf5 6. Nf3 e6 7. a3 Nc6 8. Bf4
Bg4 9. Nb5 Rc8 10. cxd5 Nxd5 11. Bg3 a6 12. Nc3 Nf6 13. Be2 Bxf3 14. Bxf3 Be7
15. O-O O-O 16. Rc1 Qxd4 17. Qxd4 Nxd4 18. Bxb7 Rxc3 19. bxc3 Ne2+ 20. Kh1 Nxc1
21. Rxc1 Bxa3 22. Rc2 Rd8 23. h3 Bd6 24. Bh4 Be5 25. g3 a5 26. c4 Rd7 27. Ba6
Ra7 28. Rd2 h6 29. Bxf6 Bxf6 30. Bb5 a4 31. Ra2 a3 32. Kg2 Bb2 33. Kf3 Kf8 34.
Ke4 Ke7 35. Kd3 Kd6 36. Kd2 Kc5 37. Kd1 f5 38. Kd2 g5 39. f3 e5 40. Kc2 e4 41.
fxe4 fxe4 42. Kd2 Kd4 43. Kc2 Ke3 44. Kd1 Kf2 45. g4 e3 46. Kc2 e2 47. Kd3 e1=Q
48. Kc2 Qe4+ 49. Kd2 Qe2# 0-1

[Event "Deutsche Ländermeisterschaft 2015"]
[Site "Hannover GER"]
[Date "2015.10.05"]
[Round "5"]
[White "Urban, Lars"]
[Black "Noe, Christopher"]
[Result "1/2-1/2"]
[Termination "normal"]
[Board "4.1"]
[BlackTitle "FM"]
[WhiteElo "2138"]
[BlackElo "2407"]
[WhiteClock "00:35:59"]
[BlackClock "00:35:55"]
[WhiteTeam "Thüringen"]
[BlackTeam "Baden 1"]
[PlyCount "49"]
[WhiteFideId "4644034"]
[BlackFideId "24692018"]
[EventCountry "GER"]
[EventRounds "7"]
[EventType "team-swiss"]
[EventDate "2015.10.02"]

1. d4 Nf6 2. c4 e6 3. Nc3 Bb4 4. Qc2 O-O 5. Nf3 d6 6. g3 b6 7. Bg2 Bb7 8. O-O
Bxc3 9. Qxc3 Nbd7 10. Rd1 Qe7 11. b4 c5 12. b5 Rac8 13. a4 Rfd8 14. Ba3 cxd4
15. Qxd4 Nc5 16. Bxc5 Rxc5 17. Rac1 Qc7 18. Nd2 Bxg2 19. Kxg2 e5 20. Qd3 Rc8
21. Nb3 Rxc4 22. Rxc4 Qxc4 23. Rc1 Qe6 24. Rxc8+ Qxc8 25. Qxd6 1/2-1/2

[Event "Deutsche Ländermeisterschaft 2015"]
[Site "Hannover GER"]
[Date "2015.10.05"]
[Round "5"]
[White "Ruff, Maximilian"]
[Black "Hoffmann, Tim"]
[Result "1-0"]
[Termination "normal"]
[Board "4.2"]
[WhiteTitle "FM"]
[WhiteElo "2318"]
[BlackElo "2119"]
[WhiteClock "00:03:07"]
[BlackClock "00:37:03"]
[WhiteTeam "Baden 1"]
[BlackTeam "Thüringen"]
[PlyCount "57"]
[WhiteFideId "1271670"]
[BlackFideId "12900338"]
[EventCountry "GER"]
[EventRounds "7"]
[EventType "team-swiss"]
[EventDate "2015.10.02"]

1. c4 e5 2. e3 Nf6 3. d4 exd4 4. exd4 d5 5. Nf3 Bb4+ 6. Nc3 O-O 7. Bd3 Re8+ 8.
Be3 Bg4 9. O-O c6 10. h3 Bh5 11. a3 Bd6 12. c5 Bc7 13. Bg5 h6 14. Bh4 g5 15.
Bg3 Ne4 16. Bxc7 Qxc7 17. g4 Bg6 18. Ne5 Nxc3 19. bxc3 Bxd3 20. Qxd3 Nd7 21.
Nxf7 Kxf7 22. Qh7+ Kf6 23. Qxh6+ Kf7 24. Qh7+ Kf6 25. f4 gxf4 26. g5+ Kxg5 27.
h4+ Kg4 28. Qg6+ Kxh4 29. Kf2 1-0

[Event "Deutsche Ländermeisterschaft 2015"]
[Site "Hannover GER"]
[Date "2015.10.05"]
[Round "5"]
[White "Nguyen, Huy Dat"]
[Black "Gschnitzer, Adrian"]
[Result "0-1"]
[Termination "normal"]
[Board "4.3"]
[WhiteElo "2089"]
[BlackElo "2116"]
[WhiteClock "00:33:58"]
[BlackClock "00:42:43"]
[WhiteTeam "Thüringen"]
[BlackTeam "Baden 1"]
[PlyCount "72"]
[WhiteFideId "12923486"]
[BlackFideId "1270337"]
[EventCountry "GER"]
[EventRounds "7"]
[EventType "team-swiss"]
[EventDate "2015.10.02"]

1. e4 c5 2. Nf3 Nc6 3. d4 cxd4 4. Nxd4 g6 5. c4 Bg7 6. Be3 Nf6 7. Nc3 O-O 8.
Be2 d6 9. O-O Bd7 10. Qd2 Nxd4 11. Bxd4 Bc6 12. f3 Nd7 13. Bf2 a5 14. b3 Nc5
15. Rab1 Qb6 16. a3 Qc7 17. Bd1 Rfc8 18. Bc2 Qd8 19. Ne2 b5 20. cxb5 Bxb5 21.
Rfc1 a4 22. b4 Nb3 23. Bxb3 axb3 24. Rxc8 Qxc8 25. Nd4 Bxd4 26. Bxd4 Rxa3 27.
Rc1 Qa8 28. Bb2 Ra2 29. Qc3 e5 30. g3 Qa7+ 31. Kg2 Qd4 32. Kh3 Bd7+ 33. g4 Rxb2
34. Qc7 Qf2 35. Rh1 Qxf3+ 36. Kh4 Qxg4# 0-1

[Event "Deutsche Ländermeisterschaft 2015"]
[Site "Hannover GER"]
[Date "2015.10.05"]
[Round "5"]
[White "Wiesner, Paula"]
[Black "Weishäutel, Moritz"]
[Result "1/2-1/2"]
[Termination "normal"]
[Board "4.4"]
[WhiteElo "2103"]
[BlackElo "1970"]
[WhiteClock "00:31:33"]
[BlackClock "00:11:34"]
[WhiteTeam "Baden 1"]
[BlackTeam "Thüringen"]
[PlyCount "120"]
[WhiteFideId "24654019"]
[BlackFideId "12967300"]
[EventCountry "GER"]
[EventRounds "7"]
[EventType "team-swiss"]
[EventDate "2015.10.02"]

1. d4 d5 2. c4 e6 3. Nc3 Nf6 4. cxd5 exd5 5. Bg5 Nbd7 6. e3 Be7 7. Qc2 O-O 8.
Bd3 c6 9. Nge2 Re8 10. O-O h6 11. Bf4 Nf8 12. f3 Nh5 13. Be5 f6 14. Bg3 Nxg3
15. Nxg3 Bd6 16. Rae1 Qc7 17. Qf2 f5 18. e4 Bxg3 19. hxg3 fxe4 20. fxe4 dxe4
21. Bxe4 Be6 22. d5 cxd5 23. Nxd5 Qd7 24. Rd1 Qa4 25. Qf4 Qxa2 26. Nc7 Qxb2 27.
Nxa8 Rxa8 28. Rb1 Qd4+ 29. Kh2 Qc5 30. Rxb7 Rd8 31. Bf5 Bxf5 32. Qxf5 Qxf5 33.
Rxf5 a6 34. Ra7 Rd6 35. Ra8 Rf6 36. Rxf6 gxf6 37. Rxa6 Kg7 38. Kh3 Kg6 39. Kg4
Nh7 40. Kf4 Ng5 41. g4 Nf7 42. Ra5 Ng5 43. Rf5 Nf7 44. Ra5 Ng5 45. Ke3 Nf7 46.
Ke4 Ne5 47. Kd5 Nxg4 48. Ke6 h5 49. g3 Nh6 50. Ra4 Ng4 51. Ra5 Ne5 52. Ra1 Nf3
53. Rf1 Ng5+ 54. Ke7 Ne4 55. Rf3 f5 56. Ra3 Kg5 57. Ke6 Kg4 58. Ke5 Nxg3 59.
Ra8 h4 60. Rg8+ Kf3 1/2-1/2

[Event "Deutsche Ländermeisterschaft 2015"]
[Site "Hannover GER"]
[Date "2015.10.05"]
[Round "5"]
[White "Riedel, Erich"]
[Black "Färber, David"]
[Result "1/2-1/2"]
[Termination "normal"]
[Board "4.5"]
[WhiteElo "1826"]
[BlackElo "2021"]
[WhiteClock "00:28:35"]
[BlackClock "00:51:49"]
[WhiteTeam "Thüringen"]
[BlackTeam "Baden 1"]
[PlyCount "55"]
[WhiteFideId "12958646"]
[BlackFideId "12971294"]
[EventCountry "GER"]
[EventRounds "7"]
[EventType "team-swiss"]
[EventDate "2015.10.02"]

1. e4 c6 2. d4 d5 3. Nc3 dxe4 4. Nxe4 Bf5 5. Ng3 Bg6 6. h4 h6 7. Nf3 Nd7 8. h5
Bh7 9. Bd3 Bxd3 10. Qxd3 e6 11. Bd2 Ngf6 12. O-O-O Be7 13. Kb1 O-O 14. Ne4 Nxe4
15. Qxe4 Nf6 16. Qe2 Qd5 17. Rde1 Rfd8 18. g4 Nh7 19. c3 b5 20. Rhg1 Bf6 21.
Ne5 c5 22. Qxb5 cxd4 23. Qxd5 Rxd5 24. f4 Bh4 25. Re2 dxc3 26. Bxc3 Rad8 27.
Kc2 Kf8 28. Rgg2 1/2-1/2

[Event "Deutsche Ländermeisterschaft 2015"]
[Site "Hannover GER"]
[Date "2015.10.05"]
[Round "5"]
[White "Mütsch, Annmarie"]
[Black "Nguyen, Ha Thanh"]
[Result "1/2-1/2"]
[Termination "normal"]
[Board "4.6"]
[WhiteElo "1974"]
[BlackElo "1719"]
[WhiteClock "00:02:13"]
[BlackClock "00:03:16"]
[WhiteTeam "Baden 1"]
[BlackTeam "Thüringen"]
[PlyCount "76"]
[WhiteFideId "12971367"]
[BlackFideId "12942154"]
[EventCountry "GER"]
[EventRounds "7"]
[EventType "team-swiss"]
[EventDate "2015.10.02"]

1. e4 c5 2. Nf3 Nc6 3. d4 cxd4 4. Nxd4 g6 5. c4 Bg7 6. Nc2 Nf6 7. Nc3 O-O 8.
Be2 d6 9. Be3 Bd7 10. O-O a5 11. f3 Qc7 12. Na3 Nb4 13. Nab5 Qd8 14. a3 Na6 15.
Qe1 Be6 16. Na4 Nd7 17. Qf2 Ndc5 18. Nxc5 Nxc5 19. Rab1 Qc8 20. b4 axb4 21.
axb4 Na6 22. Rfc1 Qd7 23. Nd4 Nc7 24. c5 dxc5 25. bxc5 Rfb8 26. Rd1 Qe8 27. Bf4
Rc8 28. Rxb7 Na6 29. Nxe6 fxe6 30. Be3 Nc7 31. Bc4 Kf8 32. Qg3 Qa4 33. Bb3 Qa5
34. Qh4 Qc3 35. Bf2 Ra1 36. Qf4+ Kg8 37. Rxc7 Rxd1+ 38. Bxd1 Rd8 1/2-1/2

[Event "Deutsche Ländermeisterschaft 2015"]
[Site "Hannover GER"]
[Date "2015.10.05"]
[Round "5"]
[White "Ratay, Meike"]
[Black "Wu, Leon"]
[Result "1/2-1/2"]
[Termination "normal"]
[Board "4.7"]
[WhiteElo "1611"]
[BlackElo "1689"]
[WhiteClock "00:24:16"]
[BlackClock "00:56:31"]
[WhiteTeam "Thüringen"]
[BlackTeam "Baden 1"]
[PlyCount "101"]
[WhiteFideId "12977608"]
[BlackFideId "12977438"]
[EventCountry "GER"]
[EventRounds "7"]
[EventType "team-swiss"]
[EventDate "2015.10.02"]

1. e4 e5 2. Nf3 Nc6 3. Bc4 Bc5 4. c3 Nf6 5. d3 d6 6. O-O Be6 7. Bb3 h6 8. Bc2
Bb6 9. Nbd2 Ne7 10. Re1 Qd7 11. Nf1 g5 12. d4 exd4 13. cxd4 d5 14. e5 Nh7 15.
Ng3 Nf8 16. a4 Ba5 17. Bd2 Bxd2 18. Qxd2 Nfg6 19. Nh5 Ng8 20. Ng7+ Kd8 21.
Nxe6+ Qxe6 22. Rec1 N8e7 23. Bxg6 Qxg6 24. Qc2 Qxc2 25. Rxc2 Kd7 26. Rac1 c6
27. Kf1 Ng6 28. g3 Rhe8 29. Ne1 Rac8 30. Nd3 b6 31. f4 gxf4 32. Nxf4 Nxf4 33.
gxf4 Rg8 34. Kf2 a5 35. Kf3 Rc7 36. f5 Rgc8 37. Ke3 c5 38. Kd3 Ke7 39. b3 Kd7
40. Rc3 Ke7 41. R3c2 f6 42. e6 Kd6 43. Rg2 c4+ 44. bxc4 Rxc4 45. Rgc2 Rxc2 46.
Rxc2 Rg8 47. Rb2 Kc6 48. Rc2+ Kd6 49. Rb2 Kc6 50. Rc2+ Kd6 51. Rb2 1/2-1/2

[Event "Deutsche Ländermeisterschaft 2015"]
[Site "Hannover GER"]
[Date "2015.10.05"]
[Round "5"]
[White "Basovskiy, Jana"]
[Black "Reuter, Elisa"]
[Result "0-1"]
[Termination "normal"]
[Board "4.8"]
[WhiteElo "1285"]
[BlackElo "1722"]
[WhiteClock "00:08:09"]
[BlackClock "00:20:33"]
[WhiteTeam "Baden 1"]
[BlackTeam "Thüringen"]
[PlyCount "70"]
[WhiteFideId "16208617"]
[BlackFideId "12995444"]
[EventCountry "GER"]
[EventRounds "7"]
[EventType "team-swiss"]
[EventDate "2015.10.02"]

1. e4 c5 2. Nf3 Nc6 3. Bb5 g6 4. Bxc6 dxc6 5. d3 Bg7 6. O-O Nf6 7. Nbd2 O-O 8.
h3 Be6 9. Re1 Qd7 10. Qe2 b5 11. Nf1 Rfd8 12. N1h2 Nh5 13. Rd1 Qc7 14. Ng5 Qc8
15. Ngf3 h6 16. e5 g5 17. Nxg5 hxg5 18. Qxh5 f6 19. exf6 exf6 20. Qf3 Bd5 21.
Qh5 Bf7 22. Qf3 Rd5 23. Qg3 Qd7 24. h4 Qf5 25. hxg5 fxg5 26. Nf3 g4 27. Nh2 Bh5
28. Rb1 Be5 29. Qh4 g3 30. Nf3 Bxf3 31. gxf3 Qxf3 32. Rf1 gxf2+ 33. Qxf2 Bd4
34. Qxd4 Qg3+ 35. Kh1 Rh5+ 0-1

[Event "Deutsche Ländermeisterschaft 2015"]
[Site "Hannover GER"]
[Date "2015.10.05"]
[Round "5"]
[White "Vöge, Tobias"]
[Black "Uksini, Bardhyl"]
[Result "0-1"]
[Termination "normal"]
[Board "5.1"]
[WhiteElo "2213"]
[BlackElo "2307"]
[WhiteClock "00:04:17"]
[BlackClock "00:08:47"]
[WhiteTeam "Niedersachsen 1"]
[BlackTeam "Hamburg"]
[PlyCount "166"]
[WhiteFideId "1270513"]
[BlackFideId "1628313"]
[EventCountry "GER"]
[EventRounds "7"]
[EventType "team-swiss"]
[EventDate "2015.10.02"]

1. d4 Nf6 2. c4 e6 3. Nc3 Bb4 4. Nf3 c5 5. g3 b6 6. Bg2 Bb7 7. dxc5 bxc5 8. O-O
Bxc3 9. bxc3 d6 10. Bf4 e5 11. Bg5 h6 12. Rb1 Be4 13. Bxf6 Qxf6 14. Qa4+ Nd7
15. Nd2 Bxg2 16. Kxg2 Qe6 17. Rb7 Rd8 18. Rxa7 O-O 19. Rb1 Nf6 20. e4 Qg4 21.
Qd1 Qxd1 22. Rxd1 Ra8 23. Rxa8 Rxa8 24. Ra1 Ra3 25. Nb1 Ra4 26. Nd2 Nd7 27. Kf3
Kf8 28. Ke2 Ke7 29. Kd3 Kd8 30. Nf1 Kc7 31. Ne3 Nb6 32. Kc2 Kc6 33. Kb3 g6 34.
Rd1 Ra7 35. Nd5 Nc8 36. Rd2 Rb7+ 37. Kc2 Nb6 38. Ne3 Na4 39. Nd1 Rb8 40. f3 Rb7
41. Rf2 f5 42. Re2 Kd7 43. exf5 gxf5 44. h3 Ke6 45. Rg2 Nb6 46. Nb2 Nd7 47. g4
f4 48. Re2 Kf6 49. h4 Nb8 50. Rd2 Ke6 51. Kd3 Nc6 52. Nd1 h5 53. g5 Ne7 54. Kc2
Nf5 55. Rh2 Ng3 56. Rd2 Ra7 57. Kb3 e4 58. fxe4 Nxe4 59. Re2 Kf5 60. Nf2 Nxf2
61. Rxf2 Kg4 62. Rf1 f3 63. g6 Kf4 64. a4 Ke3 65. a5 Rxa5 66. g7 Ra8 67. Re1+
Kf2 68. Re6 Rg8 69. Rg6 Ke2 70. Kc2 f2 71. Re6+ Kf3 72. Rf6+ Kg3 73. Rg6+ Kxh4
74. Rf6 Rxg7 75. Rxf2 Kg3 76. Rf1 Kg2 77. Rd1 h4 78. Kb3 h3 79. Rd2+ Kg3 80.
Rd3+ Kh4 81. Rxd6 h2 82. Ka4 Rg5 83. Rd1 Rg1 0-1

[Event "Deutsche Ländermeisterschaft 2015"]
[Site "Hannover GER"]
[Date "2015.10.05"]
[Round "5"]
[White "Kramer, Julian"]
[Black "Kyas, Philipp"]
[Result "1-0"]
[Termination "normal"]
[Board "5.2"]
[WhiteTitle "FM"]
[WhiteElo "2323"]
[BlackElo "2076"]
[WhiteClock "00:44:47"]
[BlackClock "00:00:57"]
[WhiteTeam "Hamburg"]
[BlackTeam "Niedersachsen 1"]
[PlyCount "85"]
[WhiteFideId "12921742"]
[BlackFideId "24670936"]
[EventCountry "GER"]
[EventRounds "7"]
[EventType "team-swiss"]
[EventDate "2015.10.02"]

1. e4 e5 2. Nf3 Nc6 3. Bb5 a6 4. Ba4 Nf6 5. O-O b5 6. Bb3 Be7 7. Re1 d6 8. c3
O-O 9. h3 Na5 10. Bc2 c5 11. d4 Nd7 12. dxc5 dxc5 13. b3 Bb7 14. Nbd2 Qc7 15.
Nf1 Rfd8 16. Qe2 Nf8 17. Ne3 Ne6 18. Nd5 Bxd5 19. exd5 Nf8 20. Nxe5 Bf6 21. Bf4
Re8 22. Qf3 Bxe5 23. Rxe5 Rxe5 24. d6 Qc6 25. Bxe5 Qxf3 26. gxf3 Re8 27. Bg3
Nc6 28. Be4 Nb8 29. a4 b4 30. cxb4 cxb4 31. Rc1 Nfd7 32. Rc4 a5 33. Rc7 g6 34.
Ra7 Kg7 35. Bf4 f5 36. Bd5 Kf6 37. Rxa5 Re1+ 38. Kg2 Nb6 39. Rb5 N8d7 40. Bc6
Ke6 41. a5 Nc8 42. Bxd7+ Kxd7 43. Rb7+ 1-0

[Event "Deutsche Ländermeisterschaft 2015"]
[Site "Hannover GER"]
[Date "2015.10.05"]
[Round "5"]
[White "Diederichs, Luise"]
[Black "Pfreundt, Jakob"]
[Result "1/2-1/2"]
[Termination "normal"]
[Board "5.3"]
[WhiteElo "1974"]
[BlackElo "2274"]
[WhiteClock "00:13:16"]
[BlackClock "00:02:35"]
[WhiteTeam "Niedersachsen 1"]
[BlackTeam "Hamburg"]
[PlyCount "103"]
[WhiteFideId "24661597"]
[BlackFideId "12918156"]
[EventCountry "GER"]
[EventRounds "7"]
[EventType "team-swiss"]
[EventDate "2015.10.02"]

1. c4 e6 2. d4 d5 3. Nc3 a6 4. cxd5 exd5 5. Nf3 c6 6. Bf4 Bd6 7. Bxd6 Qxd6 8.
e3 Ne7 9. Bd3 Bf5 10. O-O Bxd3 11. Qxd3 O-O 12. Rfe1 f5 13. Ne5 Nd7 14. f4 b6
15. Rad1 Rfd8 16. Rd2 Qe6 17. h3 Nxe5 18. fxe5 c5 19. Ne2 c4 20. Qc2 Ng6 21.
Nf4 Nxf4 22. exf4 b5 23. Rf2 Rf8 24. Qd1 a5 25. g4 Ra7 26. Kh2 Raf7 27. Ref1 b4
28. Kg3 Qc6 29. Qc2 Qb6 30. Rd1 Qe6 31. Qa4 g5 32. Rdf1 fxg4 33. hxg4 Rxf4 34.
Rxf4 Rxf4 35. Rxf4 gxf4+ 36. Kxf4 c3 37. bxc3 bxc3 38. Qb3 Qc6 39. Qc2 Qh6+ 40.
Kf3 Qh3+ 41. Kf4 Qh6+ 42. Kf3 Qh1+ 43. Kf4 Qf1+ 44. Kg5 h6+ 45. Kxh6 Qf4+ 46.
Kh5 Qf7+ 47. Kg5 Qg7+ 48. Kf4 Qh6+ 49. Kf3 Qh3+ 50. Kf4 Qh6+ 51. Kf3 Qh1+ 52.
Kf4 1/2-1/2

[Event "Deutsche Ländermeisterschaft 2015"]
[Site "Hannover GER"]
[Date "2015.10.05"]
[Round "5"]
[White "Engel, Luis"]
[Black "Ewert, Hannes"]
[Result "1/2-1/2"]
[Termination "normal"]
[Board "5.4"]
[WhiteElo "2166"]
[BlackElo "2107"]
[WhiteClock "00:07:02"]
[BlackClock "00:17:35"]
[WhiteTeam "Hamburg"]
[BlackTeam "Niedersachsen 1"]
[PlyCount "93"]
[WhiteFideId "12961523"]
[BlackFideId "12961574"]
[EventCountry "GER"]
[EventRounds "7"]
[EventType "team-swiss"]
[EventDate "2015.10.02"]

1. e4 c5 2. Nf3 d6 3. c3 Nf6 4. Bd3 Nc6 5. h3 e6 6. Bc2 d5 7. d3 dxe4 8. dxe4
Qxd1+ 9. Kxd1 b6 10. Bf4 Bb7 11. Nbd2 O-O-O 12. Kc1 h6 13. a4 g5 14. Be3 Nd7
15. Nc4 Ba6 16. Bb3 Nf6 17. Nce5 Na5 18. Bc2 Rh7 19. Ng4 Nxe4 20. Bxe4 f5 21.
Bc2 fxg4 22. Bxh7 Nb3+ 23. Kc2 Nxa1+ 24. Rxa1 gxf3 25. gxf3 Be7 26. Be4 Rf8 27.
Kd2 Kc7 28. Rg1 Rd8+ 29. Kc2 Be2 30. Re1 Ba6 31. Rd1 Rxd1 32. Kxd1 Bf1 33. f4
Bxh3 34. fxg5 hxg5 35. f4 gxf4 36. Bxf4+ Bd6 37. Be3 Bf5 38. Bxf5 exf5 39. c4
Bg3 40. Ke2 Kc6 41. Kf3 Be5 42. b3 Kd6 43. Bd2 Ke6 44. Be1 Bb2 45. Bg3 Be5 46.
Be1 Kf7 47. Bf2 1/2-1/2

[Event "Deutsche Ländermeisterschaft 2015"]
[Site "Hannover GER"]
[Date "2015.10.05"]
[Round "5"]
[White "Polster, Christian"]
[Black "Rogozenco, Teodora"]
[Result "0-1"]
[Termination "normal"]
[Board "5.5"]
[WhiteElo "2057"]
[BlackElo "2110"]
[WhiteClock "00:01:53"]
[BlackClock "00:05:03"]
[WhiteTeam "Niedersachsen 1"]
[BlackTeam "Hamburg"]
[PlyCount "78"]
[WhiteFideId "12965081"]
[BlackFideId "12938084"]
[EventCountry "GER"]
[EventRounds "7"]
[EventType "team-swiss"]
[EventDate "2015.10.02"]

1. e4 e5 2. Nf3 Nc6 3. Bc4 Bc5 4. b4 Bxb4 5. c3 Be7 6. d4 Nf6 7. Nxe5 O-O 8.
Nxf7 Rxf7 9. Bxf7+ Kxf7 10. e5 Ne8 11. f4 d5 12. f5 Bxf5 13. O-O Ke6 14. Qh5 g6
15. Qxh7 Nxe5 16. Qg8+ Nf7 17. g4 Nf6 18. gxf5+ gxf5 19. Re1+ Ne4 20. Qg6+ Bf6
21. Bf4 Qh8 22. Rxe4+ fxe4 23. Qg4+ Ke7 24. Qd1 Rg8+ 25. Bg3 Nd6 26. Nd2 Nf5
27. Qe1 Qh3 28. Nxe4 dxe4 29. Qxe4+ Kf8 30. Rf1 Rg5 31. Rf3 c6 32. Kf2 Kg7 33.
Qe6 Qg4 34. Qd7+ Ne7 35. Qxb7 Rb5 36. Qxa7 Rb2+ 37. Ke3 Bg5+ 38. Bf4 Bxf4+ 39.
Rxf4 Qe2# 0-1

[Event "Deutsche Ländermeisterschaft 2015"]
[Site "Hannover GER"]
[Date "2015.10.05"]
[Round "5"]
[White "Woelk, Tom-Frederic"]
[Black "Schulze, Lara"]
[Result "1/2-1/2"]
[Termination "normal"]
[Board "5.6"]
[WhiteElo "1806"]
[BlackElo "1927"]
[WhiteClock "00:17:28"]
[BlackClock "00:04:05"]
[WhiteTeam "Hamburg"]
[BlackTeam "Niedersachsen 1"]
[PlyCount "77"]
[WhiteFideId "12993077"]
[BlackFideId "12956830"]
[EventCountry "GER"]
[EventRounds "7"]
[EventType "team-swiss"]
[EventDate "2015.10.02"]

1. e4 e6 2. d4 d5 3. exd5 exd5 4. Bd3 Bd6 5. Ne2 Nc6 6. c3 Bg4 7. Qc2 Qd7 8. h3
Be6 9. Bf4 Nf6 10. Nd2 O-O-O 11. O-O-O Kb8 12. Nb3 Bxf4+ 13. Nxf4 Qd6 14. Nxe6
fxe6 15. Nc5 e5 16. Ba6 Na5 17. Qa4 Qb6 18. b4 bxa6 19. bxa5 Qb5 20. Qxb5+ axb5
21. dxe5 Nh5 22. Rd4 g6 23. Re1 c6 24. a4 bxa4 25. Rxa4 Ng7 26. Rb4+ Kc8 27.
Rb7 Ne6 28. Nxe6 Kxb7 29. Nxd8+ Rxd8 30. e6 Kc7 31. Kc2 Kd6 32. Kd3 c5 33. e7
Re8 34. f4 Rxe7 35. Rxe7 Kxe7 36. g4 a6 37. Ke3 Ke6 38. Kd3 h5 39. Ke3 1/2-1/2

[Event "Deutsche Ländermeisterschaft 2015"]
[Site "Hannover GER"]
[Date "2015.10.05"]
[Round "5"]
[White "Helmer, Jan"]
[Black "Christiansen, Anna"]
[Result "1-0"]
[Termination "normal"]
[Board "5.7"]
[WhiteElo "1767"]
[BlackElo "1467"]
[WhiteClock "01:20:26"]
[BlackClock "00:05:59"]
[WhiteTeam "Niedersachsen 1"]
[BlackTeam "Hamburg"]
[PlyCount "59"]
[WhiteFideId "12956686"]
[BlackFideId "12952230"]
[EventCountry "GER"]
[EventRounds "7"]
[EventType "team-swiss"]
[EventDate "2015.10.02"]

1. d4 d5 2. Nf3 Nf6 3. c4 c6 4. Nc3 e6 5. cxd5 exd5 6. Bg5 Be7 7. Qc2 Nbd7 8.
e3 Nf8 9. Bd3 Ng6 10. O-O O-O 11. Rab1 Re8 12. b4 Nh5 13. Bxe7 Rxe7 14. b5 Nf6
15. bxc6 bxc6 16. e4 Be6 17. exd5 Bxd5 18. Nxd5 cxd5 19. Bxg6 hxg6 20. Ne5 Qe8
21. Rfc1 Kh7 22. Qc6 Qxc6 23. Rxc6 Nd7 24. Rc7 Nxe5 25. Rxe7 Nc6 26. Rxf7 Nxd4
27. g3 a5 28. Rbb7 Rg8 29. Rbd7 Nf3+ 30. Rxf3 1-0